000 00581nam a2200217 a 4500
001 BRCA_6779
005 20190321142935.0
008 261011s1922----gw-#######---#000-0#ger-#
041 _ager
044 _agw
050 4 _b.S74 1922
100 1 _aStein, Adolf
_d1870-
_916910
245 1 0 _aBerliner Allerlei [von] Rumpelstilzchen [pseud.]
_c[von] Rumpelstilzchen [pseud.].
260 _aBerlín
_bBrunner-Verlag
_cc1922
300 _a350 p.
_c20 cm.
500 _aCon firma del Sr. Franz Mayer
500 _aL99
650 1 4 _aBerlín
_916911
902 _aGFM
942 _2lcc
_cB
999 _c6462
_d6462